| 000 | 01029cam a2200301 a 4500 | ||
|---|---|---|---|
| 001 | 11937511 | ||
| 003 | OSt | ||
| 005 | 20240227130932.0 | ||
| 008 | 000310s1999 enka 000 0 eng d | ||
| 010 | _a 00300706 | ||
| 020 | _a184000150X | ||
| 020 | _a9781840001501 | ||
| 035 | _a(OCoLC)ocm43478236 | ||
| 040 |
_aZNS _cZNS _dDLC |
||
| 042 | _alccopycat | ||
| 050 | 0 | 0 |
_aTR654 _b.M4676 1999 |
| 082 | 0 | 0 |
_a779.092 _221 _bMIL 1999 |
| 100 | 1 |
_aMiller, Jonathan, _d1934- _9121489 |
|
| 245 | 1 | 0 |
_aNowhere in particular / _cJonathan Miller. |
| 260 |
_aLondon : _bMitchell Beazley, _c1999. |
||
| 300 |
_a1 v. (unpaged) : _bcol. ill. ; _c28 cm. |
||
| 600 | 1 | 0 |
_aMiller, Jonathan, _d1934- _vNotebooks, sketchbooks, etc. _9121490 |
| 650 | 0 |
_aPhotography, Artistic. _934021 |
|
| 906 |
_a7 _bcbc _ccopycat _d3 _encip _f20 _gy-gencatlg |
||
| 942 |
_2ddc _cBK _aSADA _k779.092 MIL 1999 |
||
| 999 |
_c608343 _d608343 |
||